000 00816nam a22002537a 4500
005 20131217115014.0
008 131217b xxu||||| |||| 00| 0 eng d
010 _aENG-108808
020 _a9788182093669
_c350.00
020 _a818209366x
_c350.00
035 _aEN-92341
037 _bDBAD/PUB
040 _aDPL
_bEnglish
082 _a332.66
100 _aGurusamy, S.
245 _aMerchant banking and financial services /
_cby S. Gurusamy
250 _a4th ed
260 _aNew Delhi
_bVijay Nicole Imprints in collabration with McGraw Hill Education
_c2013
270 _aP-24 Green Park Education
_bNew Delhi
_e110016
300 _axviii,532p.
_c24cm(pbk).
500 _aIncludes bibliographical references and index
650 _aMerchant banks
942 _2ddc
_cEN
_mGUR
_h332.66
999 _c81178
_d81178